| 000 | 01267pam a2200301 a 4500 | ||
|---|---|---|---|
| 001 | 1981244 | ||
| 005 | 20230320125953.0 | ||
| 008 | 890908m1990uuuumaua b 001 0 eng | ||
| 010 | _a 89027459 | ||
| 020 | _a089006377X (v. 1) | ||
| 020 | _a0890065179 (v. 2) | ||
| 020 | _a1580530915 (v. 3) | ||
| 040 |
_aDLC _cDLC _dDLC |
||
| 050 | 0 | 0 |
_aTK6580 _b.M85 1990 |
| 082 | 0 | 0 |
_a621.3848 _220 _bSHA |
| 245 | 0 | 0 |
_aMultitarget-multisensor tracking : _bapplications and advances VOL ll / _cYaakov Bar-Shalom, editor. |
| 260 |
_aBoston : _bArtech House, _c1990-<2000 > |
||
| 300 |
_av. <1-3 > : _bill. ; _c24 |
||
| 500 | _aThis book is an outgrowth of the series of short courses titled "Multitarget-multisensor Tracking and Surveillance", held at UCLA Extension. | ||
| 504 | _aIncludes bibliographical references. | ||
| 650 | 0 |
_aTracking radar. _967104 |
|
| 650 | 0 |
_aRadar _xData processing. _9110657 |
|
| 700 | 1 |
_aBar-Shalom, Yaakov. _9110570 |
|
| 710 | 2 |
_aUniversity of California, Los Angeles. _bUniversity Extension. _9110658 |
|
| 906 |
_a7 _bcbc _corignew _d1 _eocip _f19 _gy-gencatlg |
||
| 942 |
_2ddc _cBK |
||
| 999 |
_c593862 _d593862 |
||